Compendio di diritto civile (Record no. 47443)
[ view plain ]
| 000 -LEADER | |
|---|---|
| campo de control de longitud fija | 00893nam a2200169 i 4500 |
| 001 - NÚMERO DE CONTROL | |
| campo de control | 47443 |
| 003 - IDENTIFICADOR DE NÚMERO DE CONTROL | |
| campo de control | ES-MaACL |
| 005 - FECHA Y HORA DE LA ÚLTIMA TRANSACCIÓN | |
| campo de control | 20230906161550.0 |
| 007 - CAMPO FIJO DE DESCRIPCIÓN FÍSICA--INFORMACIÓN GENERAL | |
| campo de control de longitud fija | t| |
| 008 - DATOS DE LONGITUD FIJA--INFORMACIÓN GENERAL | |
| campo de control de longitud fija | 030425m19391944it ||||1| ita d |
| 100 1# - ENTRADA PRINCIPAL--NOMBRE DE PERSONA | |
| Nombre de persona | Benettini, Giorgio. |
| 9 (RLIN) | 27552 |
| 245 10 - MENCIÓN DEL TÍTULO | |
| Título | Compendio di diritto civile |
| Resto del título | : secondo il nuovo codice con il testo integrale di esso / |
| Mención de responsabilidad, etc. | [Giorgio Benettini]. |
| 260 ## - PUBLICACIÓN, DISTRIBUCIÓN, ETC. | |
| Lugar de publicación, distribución, etc. | Milano : |
| Nombre del editor, distribuidor, etc. | Fratelli Bocca, |
| Fecha de publicación, distribución, etc. | 1939-1944. |
| 300 ## - DESCRIPCIÓN FÍSICA | |
| Extensión | 8 v. ; |
| Dimensiones | 24 cm. |
| 505 8# - NOTA DE CONTENIDO CON FORMATO | |
| Nota de contenido con formato | 1. Disposizioni sull'applicazione della leggi in generale ; Delle persone --1.2. Disposizioni per l'attuazione del libro 1. e disposizione transitorie -- 1.3. Ordinamento dello stato civile -- 2. Delle successioni e delle donazioni -- 3. Carta del lavoro ; Libro dell propieta -- 4. Il libro della tutela dei diritti.. -- 5. Il livro del lavoro -- 6. Il libro delle obbligazioni |
| 852 ## - LOCALIZACIÓN | |
| Ubicación | ES-MaACL |
| Número de control de estantería | C-4195-4202 |
| Sublocalización o colección | R.23817 |
| Estatus retirado | Estado de pérdida | Estado de daño | No para préstamo | Biblioteca de origen | Biblioteca actual | Ubicación en estantería | Fecha de adquisición | Fuente de adquisición | Total de préstamos | Signatura topográfica completa | Código de barras | Visto por última vez | Precio de reemplazo | Tipo de ítem Koha |
|---|---|---|---|---|---|---|---|---|---|---|---|---|---|---|
| Biblioteca del Ateneo de Madrid | Biblioteca del Ateneo de Madrid | Sala Palomar | 17/01/2008 | C-4195-4202 | 1049917 | 23/02/2023 | 23/02/2023 | Libro impreso |
